लोड हो रहा है...

History of Rome /

ग्रंथसूची विवरण
मुख्य लेखक: Creighton, M.
भाषा:Undetermined
प्रकाशित: 1876.
संस्करण:2nd ed.
LEADER 00381nam a2200133Ia 4500
001 89994
008 170722s9999 xx 000 0 und d
100 |a Creighton, M. 
245 |a History of Rome / 
250 |a 2nd ed. 
260 |c 1876. 
942 |c GEN 
999 |c 32899  |d 32899 
952 |0 0  |1 0  |4 0  |6 V_1521_I50_AY6  |7 0  |9 42142  |a LIB  |b LIB  |d 2017-08-12  |o V1-52:1.I50 AY6  |p 19293  |r 2017-08-12  |w 2017-08-12  |y GEN